000 01827nam0a2200361 4500
001 RU\NLR\BIBL_A\011909351
005 20220829154756.0
010 _a978-5-94215-424-0
_923
021 _aRU
_bКН-П-18-092929
_9КН-П-18-6736
035 _a(NLR Aleph) 011909351
035 _a(RuMoRGB)009832702
090 _a10926744
_c10926744
100 _a20190115d2018 k y0rusy50 ca
101 0 _arus
102 _aRU
105 _ay|||z|||000zy
200 1 _aТематическо-практическое пособие по взаимодействию с семьями воспитанников по направленности "Духовно-нравственное воспитание детей"
_fЮ. В. Белоцерковская, Ю. В. Кобецкая
210 _aКраснодар
_cЭкоинвест
_d2018
215 _a44 с.
_d21
606 1 _aДошкольники
_xДуховно-нравственное воспитание
_jПрактические пособия
_2nlr_sh2
_3RU\NLR\AUTH\661525604
606 1 _aДошкольные учреждения
_xРабота с родителями
_jПрактические пособия
_2nlr_sh1
_2nlr_sh2
_3RU\NLR\AUTH\661383807
610 0 _aдуховно-нравственное воспитание дошкольников
610 0 _aродители дошкольников
610 0 _aработа с родителями дошкольников
686 1 _aЧ411.352я7
686 1 _aЧ411.51я7
700 1 _aБелоцерковская
_bЮ. В.
_gЮлия Владимировна
701 1 _aКобецкая
_bЮ. В.
_gЮлия Владимировна
942 _cBOOK
980 _aNBR
980 _aNB